000 01500nam0a2200385 i 4500
001 RU\NLR\BIBL_A\010413161
005 20240921195132.0
010 _a9785996309061
_91000
021 _aRU
_b2014-35874
_92188
035 _a(NILC)RuMoRGB-007492789
035 _a(NLR Aleph) 010413161
090 _a9771447
_c9771447
100 _a20140708d2014 km y0rusy50 ca
101 0 _arus
102 _aRU
105 _aa|||z|||000yy
200 1 _aШаблоны документов для управления проектами
_f[А. С. Кутузов и др.]
205 _a4-е изд., испр.
210 _aМосква
_cБином. Лаб. знаний
_d2014
215 _a163 с.
_cил.
_d22
225 1 _aПроекты, программы, портфели
_eППП
320 _aБиблиогр.: с. 161
606 1 _aПроекты
_jСборники
_xУправление
_yРоссийская Федерация
_92404387
_3RU\NLR\AUTH\661433016
606 1 _aДелопроизводство
_jсборники
_yРоссийская Федерация
_92117619
_3RU\NLR\AUTH\661279103
610 0 _aуправление проектами
675 _a005.8
686 1 _aУ21(2)2(2Р)я43
686 1 _aУ21(2)286я43
702 1 _aКутузов
_bА. С.
_gАлександр Сергеевич
_4220
801 0 _aRU
_bРГБ
_c20110228
_gRCR
801 1 _aRU
_bРГБ
_c20110228
_2rusmarc
942 _cBOOK
980 _aNBR